Principios de Derecho Fiscal

Bibliographic Details
Main Author: Sǹchez Vega, Javier Alejandro
Format: Book
Language:Spanish
Published: Mx̌ico Ediciones Fiscales ISEF 2015
Subjects:
Online Access:Acceso restringido

MARC

LEADER 00000nam a22000007a 4500
005 20151202133035.0
007 cr|||| ||u|
008 151202s2015 mx ||||| |||| 00| 0 spa d
020 |a 978-368-426-885-7 
035 |a 12938 
040 |a vLex 
090 |c 5705  |d 5705 
100 1 |a Sǹchez Vega, Javier Alejandro 
245 1 0 |a Principios de Derecho Fiscal  |h [Recurso electrn̤ico] /  |c Javier Alejandro Sǹchez Vega  
256 |a Servicio en ln̕ea 
260 |a Mx̌ico  |b Ediciones Fiscales ISEF  |c 2015 
300 |a 1 recurso electrn̤ico (Primera edicin̤ 291 pg̀inas) 
506 1 |a Contenido solo disponible en los productos indicados  |d vLex Global  |d vLex Global (Academic Edition, excluding Law Schools)  |d vLex Global (U.S. Academic Edition, Law Schools)  |d vLex Global (U.S. Academic Edition, excluding Law Schools)  |d vLex Global (Academic Edition, Law Schools) 
650 0 4 |a Derecho fiscal  |z Mx̌ico 
740 0 |a vLex libros (servicio en ln̕ea) 
856 4 0 |u http://vlex.com/source/principios-derecho-fiscal-12938  |z Acceso restringido 
942 |c BOOK 
999 0 |a Law